000 00596nam a2200229Ia 4500
003 OSt
005 20221007071734.0
006 a|||||r|||| 00| 0
007 ta
008 221006b |||||||| |||| 00| 0 eng d
024 _a12,602
037 _cTextual
040 _aFLL
_cFLL
_beng
041 _2eng
_aeng
082 _aW6, L8
100 _aMansfield H.C. Au.
_9689334
245 0 _aSpirit of liberalism
260 _aLondon
_bHarvard university press London
_c1978
300 _a130p
_ccm.
942 _hW6, L8
_cTEXL
_2CC
999 _c1144126
_d1144126